| Поле | Инд. | ПП | Название | Значение |
|---|---|---|---|---|
| Тип записи | a | |||
| Библиографический уровень | m | |||
| 001 | Контрольный номер | 9cbc55f51bc141daa4203f8c908288b2 | ||
| 005 | Дата корректировки | 20231127163632.3 | ||
| 008 | Кодируемые данные | 231127s1981 ru |||||||||||000|||rus|d | ||
| 040 | a | Служба первич. каталог. | ЦГБ г. В. Луки | |
| b | Код языка каталог. | rus | ||
| 041 | 0_ | a | Код языка текста | rus |
| 084 | 2 | Источник индекса | rubbk | |
| a | Индекс другой классификации/Индекс ББК | 65.049(2) | ||
| 090 | x | Авторский знак | У 84 | |
| j | Имя библиотеки | ЦГБ г. В. Луки | ||
| 097 | b | Оператор | САВ-р | |
| 100 | 1_ | a | Автор | Уткин Э. А. |
| 245 | 10 | a | Заглавие | Территориальная структура народного хозяйства СССР в одиннадцатой пятилетке |
| c | Ответственность | Э. А. Уткин | ||
| 260 | a | Место издания | Москва | |
| b | Издательство | Знание | ||
| c | Дата издания | 1981 | ||
| 300 | a | Объем | 48 с. | |
| 490 | 00 | a | Заглавие серии | Новое в жизни, науке, технике. Науки о земле |
| v | N тома | № 9 | ||
| 650 | 14 | a | Основная рубрика | Экономика |
| 653 | 1_ | a | Ключевые слова | экономика |
| 901 | t | Тип документа | m |